Historia de Chile: Pedro de Valdivia

Saved in:
Bibliographic Details
Main Author: Errázuriz, Crescente (autor)
Format: Book
Language:Spanish
Published: Santiago, Chile Cervantes 1911
Subjects:
Tags: Add Tag
No Tags, Be the first to tag this record!

MARC

LEADER 00000nam a2200000 a 4500
001 UCO1589
003 CL-VaPUC
005 20210222115804.0
008 000519e19110000CL |||||||||||||||||spa|d
999 |c 288197  |d 288195 
040 |c Pontificia Universidad Católica de Valparaíso 
082 0 4 |a 983.02 ERR 1911  |2 21 
100 0 |a Errázuriz, Crescente  |e autor  |9 372040 
245 1 0 |a Historia de Chile:  |b  Pedro de Valdivia 
260 |a Santiago, Chile  |b Cervantes  |c 1911 
300 |a volúmenes 
583 |a last modification  |c 20000519 00:00:00  |k Rodrigo Vera 
600 0 7 |a Valdivia, Pedro de  |2 CL-VaPUC  |9 317024 
650 0 |a Historia de Chile  |9 265473 
650 7 |a Descubrimiento y Conquista  |2 CL-VaPUC  |9 443925  |x Historia de Chile 
852 |a BIBCUR 
942 |c BK  |2 ddc 
945 |d 20000519 00:00:00  |a crobeson 
952 |0 0  |1 0  |2 ddc  |4 0  |6 983_020000000000000_ERR_1911  |7 0  |8 X  |9 335689  |a BIBHIS  |b BIBHIS  |d 2019-11-20  |h v.1  |i 127693K  |o 983.02 ERR 1911  |p 127693K  |r 2019-11-20  |t 1  |w 2019-11-20  |y BK_X  |k HIS 
952 |0 0  |1 0  |2 ddc  |4 0  |6 983_020000000000000_ERR_1911  |7 0  |8 X  |9 335690  |a BIBHIS  |b BIBHIS  |d 2019-11-20  |h v.2  |i 1276948  |o 983.02 ERR 1911  |p 1276948  |r 2019-11-20  |t 1  |w 2019-11-20  |y BK_X  |k HIS 
952 |0 0  |1 0  |2 ddc  |4 0  |6 983_020000000000000_ERR_1911  |7 0  |8 X  |9 335691  |a FDOBUD  |b FDOBUD  |d 2019-11-20  |h v.1  |i 1023292  |o 983.02 ERR 1911  |p 1023292  |r 2019-11-20  |t 2  |w 2019-11-20  |y BK_X  |k BUD 
952 |0 0  |1 0  |2 ddc  |4 0  |6 983_020000000000000_ERR_1911  |7 0  |8 X  |9 335692  |a FDOBUD  |b FDOBUD  |d 2019-11-20  |h v.2  |i 1023306  |o 983.02 ERR 1911  |p 1023306  |r 2019-11-20  |t 2  |w 2019-11-20  |y BK_X  |k BUD